Fast Typing Test - 5 WPM Challenge - Statistics

General Stats
  • This quiz has been taken 287 times
  • The average score is 4 of 5
Answer Stats
Hint Answer % Correct
Honorificabilitudinitatibus Honorificabilitudinitatibus
98%
Antidisestablishmentarianism Antidisestablishmentarianism
96%
Pseudopseudohypoparathyroidism Pseudopseudohypoparathyroidism
82%
Supercalifragilisticexpialidocious Supercalifragilisticexpialidocious
71%
Pneumonoultramicroscopicsilicovolcanoconiosis Pneumonoultramicroscopicsilicovolcanoconiosis
47%
No matching quizzes found
Score Distribution
Percent of People with Each Score
Percentile by Number Answered
Your Score History
You have not taken this quiz